[Event "DRUZYNOWE MISTRZOSTWA POLSKI JUNIOROW - II LIGA"]
[Site "Szczyrk, CKiR Orle Gniazdo ul. Wrzosowa 28a"]
[Date "2014-07-30"]
[Round "8.80"]
[White "Wojciechowski, Antoni"]
[Black "Drozniak, Stanislaw"]
[Result "0-1"]
[WhiteTitle "II+"]
[BlackTitle "II+"]
[WhiteElo "1529"]
[BlackElo "1579"]

1. d4 Nf6 2. c4 g6 3. Nc3 Bg7 4. e4 d6 5. Nf3 O-O 6. Be2 e5 7. d5 a5 8. O-O Na6
9. a3 Nc5 10. Qc2 a4 11. Be3 Nfd7 12. Nd2 f5 13. f4 exf4 14. Bxf4 Bd4+ 15. Kh1
g5 16. Bg3 f4 17. Bf2 Bg7 18. Rae1 Ne5 19. Bxc5 dxc5 20. Nf3 g4 21. Nxe5 Bxe5
22. Qd2 Qh4 23. Bd1 Ra6 24. Nb5 Rh6 25. g3 fxg3 26. Rxf8+ Kxf8 27. Rf1+ Ke7 28.
Qe2 Qxh2+ 29. Qxh2 Rxh2+ 30. Kg1 g2 31. Rf2 Rh1+ 32. Kxg2 Rxd1 33. Nc3 Rd4 34.
Nxa4 Rxc4 35. b3 Rc1 36. Re2 b5 37. Nb2 Bxb2 38. Rxb2 Re1 39. b4 c4 40. Rd2 Rxe4
41. Kf2 Kd6 42. Rd1 c3 43. Rc1 Rc4 44. Ke3 Kxd5 45. Kd3 Rd4+ 46. Ke2 Rd2+ 47.
Ke3 Kc4 48. Rf1 Rd3+ 49. Ke2 c2 50. Rc1 Kc3 51. a4 Rd1 52. Rxd1 cxd1=Q+ 53. Kxd1
bxa4 54. b5 Kb2 55. Kd2 a3 0-1

[Event "DRUZYNOWE MISTRZOSTWA POLSKI JUNIOROW - II LIGA"]
[Site "Szczyrk, CKiR Orle Gniazdo ul. Wrzosowa 28a"]
[Date "2014-07-30"]
[Round "8.82"]
[White "Poltorak, Sebastian"]
[Black "Galuszka, Tomasz"]
[Result "1/2-1/2"]
[WhiteTitle "II"]
[BlackTitle "III"]
[WhiteElo "1455"]
[BlackElo "1344"]

1. d4 d5 2. c4 c6 3. cxd5 cxd5 4. Nc3 Nc6 5. Nf3 Bg4 6. Bf4 Nf6 7. h3 Bh5 8. e3
e6 9. Be2 Bd6 10. Bxd6 Qxd6 11. a3 a6 12. Na4 O-O 13. O-O Nd7 14. b4 b5 15. Nc5
Nb6 16. Rc1 Nc4 17. Rc3 Rfc8 18. Ne1 Bxe2 19. Qxe2 Rc7 20. Ned3 Nb8 21. Rd1 Nd7
22. Nb2 Ndb6 23. Nbd3 g6 24. f3 Raa7 25. Qf2 Rc8 26. Ne1 Rd8 27. e4 Kg7 28. Nc2
Kg8 29. Qh4 Re8 30. Ne3 Nxe3 31. Rxe3 Nc4 32. Rb3 Qd8 33. Qf4 Kg7 34. Kf2 Qf6
35. Qxf6+ Kxf6 36. Re1 Ree7 37. g4 g5 38. Kg3 Kg6 39. exd5 exd5 40. Rxe7 Rxe7
41. Nxa6 Ra7 42. Nc5 Rxa3 43. Rxa3 Nxa3 44. Na6 Nc2 45. Nc7 Nxd4 46. Nxd5 h5 47.
Kf2 hxg4 48. hxg4 f5 49. Ke3 Nc6 50. Ke2 fxg4 51. fxg4 Ne5 52. Nc7 Nxg4 53. Nxb5
Ne5 54. Na7 Nd7 55. Nc8 Kf6 56. Nd6 Ke6 1/2-1/2

[Event "DRUZYNOWE MISTRZOSTWA POLSKI JUNIOROW - II LIGA"]
[Site "Szczyrk, CKiR Orle Gniazdo ul. Wrzosowa 28a"]
[Date "2014-07-30"]
[Round "8.83"]
[White "Kordela, Monika"]
[Black "Jarmuzek, Karolina"]
[Result "1/2-1/2"]
[WhiteTitle "II"]
[BlackTitle "I+"]
[WhiteElo "1342"]
[BlackElo "1742"]

1. d4 d5 2. c4 c6 3. Nc3 Nf6 4. Nf3 dxc4 5. a4 Bf5 6. e3 e6 7. Bxc4 Bb4 8. O-O
Nbd7 9. Qe2 Bg4 10. Rd1 Bxc3 11. bxc3 Ne4 12. Bb2 O-O 13. Bd3 Ndf6 14. h3 Bh5
15. g4 Bg6 16. Ne5 Nd6 17. Nxg6 hxg6 18. e4 Nc8 19. a5 Qc7 20. f3 Nd7 21. Qh2
Qxh2+ 22. Kxh2 Ne7 23. Rdb1 Rfe8 24. Bc1 b6 25. axb6 axb6 26. Bf4 Kf8 27. Bd6
g5 28. Kg3 f6 29. e5 Kf7 30. Be4 fxe5 31. dxe5 Nd5 32. Rc1 b5 33. Ra3 Rxa3 34.
Bxa3 Ra8 35. Ra1 N7b6 36. Bb2 Rxa1 37. Bxa1 Nc4 38. h4 gxh4+ 39. Kxh4 Nxe5 40.
Kg5 Nc4 41. f4 Nd6 42. Bg6+ Ke7 43. c4 Nxc4 44. Bxg7 b4 45. Bd3 Nce3 46. Bd4 Kf7
47. Bg6+ Ke7 48. Bc5+ Kd7 49. Bb1 b3 50. Kh4 Nc4 51. g5 Nxf4 52. Kg4 Nd5 53. g6
Ne5+ 54. Kg5 Nxg6 55. Bxg6 e5 56. Kf5 b2 57. Kxe5 Nc3 58. Bf5+ Kc7 59. Bd6+ Kb6
60. Ba3 b1=Q 61. Bxb1 Nxb1 62. Bd6 Nd2 63. Kd4 Nb3+ 64. Kc4 Na5+ 65. Kb4 Nb7 66.
Be7 Kc7 67. Kc3 Kd7 68. Ba3 Nd8 69. Kc4 Ne6 70. Kc3 Nc7 71. Kc4 Nb5 72. Bb4 Nc7
73. Ba3 Na6 74. Kd4 Ke6 75. Bf8 Kf5 76. Bd6 Ke6 1/2-1/2

[Event "DRUZYNOWE MISTRZOSTWA POLSKI JUNIOROW - II LIGA"]
[Site "Szczyrk, CKiR Orle Gniazdo ul. Wrzosowa 28a"]
[Date "2014-07-30"]
[Round "8.85"]
[White "Rudecki, Bartosz"]
[Black "Kroczka, Gromoslaw"]
[Result "0-1"]
[WhiteTitle "II+"]
[BlackTitle "I"]
[WhiteElo "1578"]
[BlackElo "1788"]

1. e4 c5 2. Nf3 Nc6 3. d3 g6 4. g3 Bg7 5. Bg2 e6 6. O-O Nge7 7. Nbd2 O-O 8. Re1
d6 9. Nf1 Rb8 10. h4 b5 11. Ne3 a5 12. h5 f5 13. hxg6 hxg6 14. exf5 gxf5 15. Ng5
Ne5 16. Nf1 Rf6 17. d4 cxd4 18. Qxd4 Rg6 19. Qh4 Ng4 20. Qh7+ Kf8 21. Rxe6 Rxe6
22. Nxe6+ Bxe6 23. Bg5 Nf6 24. Bxf6 Bxf6 25. Qh6+ Kf7 26. Bf3 Ng6 27. Qh7+ Bg7
28. Bh5 Qg5 29. Re1 Re8 30. Ne3 Rh8 31. Bxg6+ Qxg6 32. Qxg6+ Kxg6 33. Ng2 Kf7
34. Nf4 Bd7 35. f3 Bxb2 36. Nd5 Be5 37. Kg2 Bc6 38. Ne3 Kf6 39. g4 Rh2+ 40. Kg1
Bxf3 41. Nxf5 Rh1+ 42. Kf2 Rxe1 43. Kxe1 Bxg4 0-1

[Event "DRUZYNOWE MISTRZOSTWA POLSKI JUNIOROW - II LIGA"]
[Site "Szczyrk, CKiR Orle Gniazdo ul. Wrzosowa 28a"]
[Date "2014-07-30"]
[Round "8.86"]
[White "Wisniewski, Szymon"]
[Black "Gajewski, Marcin"]
[Result "0-1"]
[WhiteTitle "I"]
[BlackTitle "II"]
[WhiteElo "1849"]
[BlackElo "1415"]

1. e4 c5 2. Nc3 Nc6 3. f4 g6 4. Nf3 Bg7 5. Bc4 e6 6. O-O Nge7 7. d3 d5 8. Bb5 O-O
9. Bxc6 Nxc6 10. e5 Re8 11. Kh1 b5 12. Bd2 Qb6 13. Ne2 c4 14. d4 b4 15. Qe1 a5
16. g4 Bd7 17. Rg1 Rec8 18. Rg3 Kf8 19. Rh3 h6 20. Qf2 Ke8 21. Ng3 Ne7 22. Be3
Kd8 23. Nh4 Kc7 24. f5 g5 25. f6 gxh4 26. Nh5 Bf8 27. fxe7 Bxe7 28. Qxf7 Bg5 29.
Bxg5 hxg5 30. Nf6 Rd8 31. Rd1 Qc6 32. Qg6 Qa4 33. a3 c3 34. bxc3 bxa3 35. Nxd5+
exd5 36. Qd6+ Kc8 37. Qc5+ Bc6 38. Ra1 Rb8 39. Rf3 a2 40. Rf6 Rb1+ 41. Kg2 Qxc2+
42. Kh3 Qd3+ 43. Kg2 h3+ 44. Kf2 Rb2+ 45. Kg1 Qe3+ 46. Kh1 Qe4+ 47. Kg1 Qg2# 0-1

[Event "DRUZYNOWE MISTRZOSTWA POLSKI JUNIOROW - II LIGA"]
[Site "Szczyrk, CKiR Orle Gniazdo ul. Wrzosowa 28a"]
[Date "2014-07-30"]
[Round "8.87"]
[White "Gworys, Grzegorz"]
[Black "Kozakiewicz, Gracjan"]
[Result "0-1"]
[WhiteTitle "II"]
[BlackTitle "I"]
[WhiteElo "1391"]
[BlackElo "1589"]

1. e4 c5 2. c3 d5 3. exd5 Qxd5 4. d4 Nc6 5. Nf3 Bg4 6. Be2 cxd4 7. cxd4 Nf6 8.
Nc3 Qa5 9. O-O e6 10. Be3 Be7 11. Qb3 Qb4 12. Qxb4 Bxb4 13. h3 Bh5 14. Rfe1 O-O
15. Ne5 Bxc3 16. bxc3 Bxe2 17. Rxe2 Nxe5 18. dxe5 Nd5 19. Bd4 Rfc8 20. Rc1 Rc4
21. Rb2 b6 22. g3 Rac8 23. Rbc2 h6 24. Kf1 Nb4 25. Rd2 Nc6 26. Ke1 Nxd4 27. Kd1
Nb5 0-1

[Event "DRUZYNOWE MISTRZOSTWA POLSKI JUNIOROW - II LIGA"]
[Site "Szczyrk, CKiR Orle Gniazdo ul. Wrzosowa 28a"]
[Date "2014-07-30"]
[Round "8.88"]
[White "Wolski, Lukasz"]
[Black "Gondro, Kacper"]
[Result "0-1"]
[WhiteTitle "II"]
[BlackTitle "II"]
[WhiteElo "1233"]
[BlackElo "1514"]

1. e4 Nc6 2. d4 e5 3. Nf3 exd4 4. Nxd4 Bc5 5. Nxc6 bxc6 6. Bc4 Ne7 7. O-O O-O 8.
Nc3 Bb7 9. Bg5 Kh8 10. h4 f6 11. Be3 Bxe3 12. fxe3 f5 13. Qh5 d5 14. exd5 cxd5
15. Bd3 Rf6 16. Ne2 Qe8 17. Qxe8+ Rxe8 18. Nd4 g6 19. Rf3 c5 20. Nb5 a6 21. Na3
Nc8 22. Rh3 Nd6 23. b3 Rfe6 24. Kf2 Kg7 25. Rd1 d4 26. exd4 cxd4 27. Rhh1 Ne4+
28. Bxe4 Rxe4 29. Rh2 Kf6 30. Kf1 f4 31. Kf2 Re2+ 32. Kg1 d3 33. cxd3 Rxa2 34.
Nc4 Ree2 35. d4 f3 36. Nb6 f2+ 37. Kf1 Re1+ 38. Rxe1 Bxg2+ 39. Rxg2 fxe1=Q+ 40.
Kxe1 Rxg2 41. d5 Rb2 42. Na4 Rxb3 43. d6 Rd3 44. Nc5 Rxd6 45. Ne4+ Ke5 46. Ng5
Rd7 47. Kf2 a5 48. Kg3 a4 49. Nf3+ Ke4 50. Ne1 a3 51. Nc2 a2 52. Kg4 Rd2 53. Na1
Rg2+ 54. Kh3 Rg1 55. h5 Rxa1 56. hxg6 hxg6 57. Kg4 Rg1+ 58. Kh3 a1=Q 59. Kh4 Qh8#
0-1

[Event "DRUZYNOWE MISTRZOSTWA POLSKI JUNIOROW - II LIGA"]
[Site "Szczyrk, CKiR Orle Gniazdo ul. Wrzosowa 28a"]
[Date "2014-07-30"]
[Round "8.89"]
[White "Mielczarek, Joanna"]
[Black "Skoczek, Karolina"]
[Result "1-0"]
[WhiteTitle "I"]
[BlackTitle "II+"]
[WhiteElo "1562"]
[BlackElo "1516"]

1. Nf3 d5 2. g3 Nf6 3. Bg2 Bf5 4. O-O e6 5. d3 Be7 6. Nbd2 O-O 7. Qe1 c5 8. e4
Bg6 9. Ne5 Nbd7 10. Nxg6 hxg6 11. e5 Ne8 12. f4 b5 13. c4 bxc4 14. dxc4 Nb6 15.
cxd5 Nxd5 16. Nc4 Qd7 17. Bd2 Rb8 18. b3 Nec7 19. Rd1 Rfd8 20. Ba5 Rbc8 21. Ne3
Qc6 22. Rd2 Rd7 23. Qd1 Qb5 24. Nc4 Rcd8 25. Bxd5 exd5 26. Bxc7 Rxc7 27. Rxd5
Rcd7 28. Rxd7 Rxd7 29. Qf3 Qa6 30. a3 Rb7 31. Rd1 Rc7 32. Qd5 Kf8 33. Nd6 Bxd6
34. exd6 Rc8 35. Re1 Rd8 36. Re7 Qxd6 37. Qxf7# 1-0

[Event "DRUZYNOWE MISTRZOSTWA POLSKI JUNIOROW - II LIGA"]
[Site "Szczyrk, CKiR Orle Gniazdo ul. Wrzosowa 28a"]
[Date "2014-07-30"]
[Round "8.91"]
[White "Karpacz, Piotr"]
[Black "Koitka, Jakub"]
[Result "0-1"]
[WhiteTitle "II+"]
[BlackTitle "I+"]
[WhiteElo "1761"]
[BlackElo "1994"]

1. d4 Nf6 2. c4 e6 3. Nc3 Bb4 4. e3 c5 5. Bd3 Bxc3+ 6. bxc3 d6 7. Nf3 Nc6 8. O-O
O-O 9. e4 e5 10. d5 Ne7 11. Nh4 Re8 12. Bg5 Ng6 13. Nxg6 fxg6 14. Bd2 b6 15. Qc2
Nh5 16. g3 Bh3 17. Rfe1 Rf8 18. Re3 g5 19. f3 Qd7 20. Bf1 Rf6 21. Bg2 Raf8 22.
Rf1 Bxg2 23. Kxg2 g4 24. Qd1 R8f7 25. Rf2 g6 26. Qe2 gxf3+ 27. Rexf3 Rxf3 28.
Rxf3 Rxf3 29. Kxf3 Nf6 30. Kg2 Qa4 31. Bg5 Kg7 32. Bxf6+ Kxf6 33. Qg4 Qxa2+ 34.
Kh3 Qf2 35. Qd7 Kg5 36. Qg4+ Kf6 37. Qd7 Qf1+ 38. Kh4 g5+ 39. Kh5 Qe2+ 0-1

[Event "DRUZYNOWE MISTRZOSTWA POLSKI JUNIOROW - II LIGA"]
[Site "Szczyrk, CKiR Orle Gniazdo ul. Wrzosowa 28a"]
[Date "2014-07-30"]
[Round "8.92"]
[White "Witczak, Jakub"]
[Black "Skierski, Jacek"]
[Result "1-0"]
[WhiteTitle "I"]
[BlackTitle "II"]
[WhiteElo "1828"]
[BlackElo "1547"]

1. d4 Nf6 2. Nf3 d5 3. c4 e6 4. Bg5 b6 5. Nc3 Bb7 6. e3 Be7 7. Be2 O-O 8. O-O Ne4
9. Bxe7 Qxe7 10. Nd2 Nd7 11. Ndxe4 dxe4 12. f4 f5 13. Qe1 Rad8 14. Rd1 c5 15.
Qf2 cxd4 16. exd4 Nf6 17. Qe3 Qb4 18. Rd2 Ba6 19. b3 Rd7 20. Rfd1 Rfd8 21. h3
Rc8 22. Rc1 Bb7 23. Kh1 Rdc7 24. Rdc2 Ba6 25. Qd2 Nd5 26. Nxd5 Qxd2 27. Ne7+ Rxe7
28. Rxd2 Rd8 29. Rcd1 Red7 30. Kg1 Kf7 31. Kf2 Ke7 32. Ke3 Kf6 33. h4 g6 34. g4
h6 35. g5+ hxg5 36. hxg5+ Kg7 37. Rh1 Rh8 38. Rdd1 Rdd8 39. a4 Rxh1 40. Rxh1 Rh8
41. Rxh8 Kxh8 42. c5 Bb7 43. Bb5 Kg7 44. Bd7 Kf7 45. c6 1-0

[Event "DRUZYNOWE MISTRZOSTWA POLSKI JUNIOROW - II LIGA"]
[Site "Szczyrk, CKiR Orle Gniazdo ul. Wrzosowa 28a"]
[Date "2014-07-30"]
[Round "8.93"]
[White "Sulkowski, Andrzej"]
[Black "Koziorowicz, Michal"]
[Result "1-0"]
[WhiteTitle "I"]
[BlackTitle "II"]
[WhiteElo "1615"]
[BlackElo "1406"]

1. d4 d5 2. c4 e6 3. cxd5 exd5 4. Nc3 Nf6 5. Bg5 Nbd7 6. e3 Be7 7. Bd3 O-O 8. Qc2
Re8 9. Nge2 Nf8 10. O-O Ne4 11. Bxe7 Qxe7 12. Nxd5 Qh4 13. Nxc7 Bf5 14. Nxa8 Rxa8
15. Ng3 Rc8 16. Nxf5 Rxc2 17. Nxh4 Rd2 18. Bxe4 1-0

[Event "DRUZYNOWE MISTRZOSTWA POLSKI JUNIOROW - II LIGA"]
[Site "Szczyrk, CKiR Orle Gniazdo ul. Wrzosowa 28a"]
[Date "2014-07-30"]
[Round "8.95"]
[White "Larysz, Anna"]
[Black "Kaniowska, Anna"]
[Result "1-0"]
[WhiteTitle "I"]
[BlackTitle "II+"]
[WhiteElo "1575"]
[BlackElo "1363"]

1. d4 d5 2. b3 Nf6 3. Bb2 Bf5 4. e3 e6 5. Bd3 Bg6 6. Nf3 Nbd7 7. O-O Be7 8. Qe2
O-O 9. Bxg6 hxg6 10. Nbd2 c6 11. Rad1 Rc8 12. e4 dxe4 13. Nxe4 Nxe4 14. Qxe4 Nf6
15. Qe2 Qc7 16. Rfe1 Rfe8 17. c4 a6 18. Rd3 b5 19. c5 Nd5 20. Bc1 Bf6 21. Ne5
Rcd8 22. Qg4 Ne7 23. Bf4 Qb7 24. Red1 Nf5 25. Nf3 Rd5 26. Be5 Bxe5 27. Nxe5 Red8
28. Qe4 Qc7 29. h3 a5 30. a3 a4 31. b4 Rc8 32. g4 Ne7 33. Rf3 Rf8 34. Rdd3 Qd8
35. h4 f5 36. gxf5 gxf5 37. Qf4 Rf6 38. Rg3 Qf8 39. h5 Kh8 40. Ng6+ Nxg6 41. hxg6
Qd8 42. Qh4+ Kg8 43. Qh7+ Kf8 44. Qh8+ Ke7 45. Qxg7+ Ke8 46. Qh8+ Ke7 47. g7 1-0

[Event "DRUZYNOWE MISTRZOSTWA POLSKI JUNIOROW - II LIGA"]
[Site "Szczyrk, CKiR Orle Gniazdo ul. Wrzosowa 28a"]
[Date "2014-07-30"]
[Round "8.96"]
[White "Zalucka, Emilia"]
[Black "Wagner, Klaudia"]
[Result "0-1"]
[WhiteTitle "II"]
[BlackTitle "II"]
[WhiteElo "1159"]
[BlackElo "1230"]

1. e4 e6 2. d4 d5 3. Nd2 Nf6 4. e5 Nfd7 5. Ngf3 c5 6. Bb5 a6 7. Be2 Nc6 8. c3 Be7
9. O-O O-O 10. dxc5 Bxc5 11. b4 Bb6 12. Bb2 Ndxe5 13. Nxe5 Nxe5 14. c4 Nxc4 15.
Nxc4 dxc4 16. Bxc4 Qxd1 17. Raxd1 Bc7 18. Ba3 b5 19. Be2 Bb7 20. Rd7 Rac8 21.
Rc1 Bf4 22. Rxc8 Bxc8 23. Rd1 Re8 24. Bb2 Bg5 25. a4 bxa4 26. Ra1 Bd7 27. Bxa6
Rb8 28. Ba3 Be7 29. Rb1 Bf8 30. Bc1 Rxb4 31. Rxb4 Bxb4 32. Kf1 Kf8 33. Ke2 Ke7
34. Kd3 Kd6 35. Kc4 Bc5 36. Bf4+ e5 37. Bxe5+ Kxe5 38. Kxc5 a3 39. Bc4 Be6 40.
Kb4 Bxc4 41. Kxa3 Kd4 42. Kb2 Kd3 43. Kc1 Ke2 44. f4 Kf2 45. g4 Kg2 46. h4 Kg3
47. f5 Kxg4 48. f6 gxf6 49. Kd2 Kxh4 0-1

[Event "DRUZYNOWE MISTRZOSTWA POLSKI JUNIOROW - II LIGA"]
[Site "Szczyrk, CKiR Orle Gniazdo ul. Wrzosowa 28a"]
[Date "2014-07-30"]
[Round "8.97"]
[White "Cieslak, Patrycjusz"]
[Black "Kaluzny, Tomasz"]
[Result "1-0"]
[WhiteTitle "I"]
[BlackTitle "I"]
[WhiteElo "1824"]
[BlackElo "1765"]

1. e4 c5 2. Nf3 Nc6 3. d4 cxd4 4. Nxd4 Nf6 5. Nc3 d6 6. g3 e6 7. Bg2 Be7 8. O-O
O-O 9. Be3 a6 10. Nxc6 bxc6 11. Na4 d5 12. e5 Nd7 13. f4 Rb8 14. b3 c5 15. g4
Qc7 16. Qe2 Bb7 17. Bd2 Bc6 18. Nb2 c4 19. Rfe1 Rfc8 20. Nd1 cxb3 21. cxb3 Bb5
22. Qf2 Qd8 23. g5 Nc5 24. Nb2 Bd3 25. Rec1 Bf5 26. Be3 Ne4 27. Bxe4 Bxe4 28.
Na4 Ba3 29. Rxc8 Rxc8 30. Bc5 Bxc5 31. Nxc5 Bf5 32. b4 Qb6 33. a3 a5 34. Qd4 axb4
35. axb4 Qb5 36. Kf2 g6 37. Ra5 Qc4 38. Qxc4 dxc4 39. Ra3 Rb8 40. Nd7 Rd8 41.
Nf6+ Kg7 42. b5 Rb8 43. b6 Be4 44. Nxe4 f6 45. Ra7+ Kf8 46. gxf6 Rxb6 47. Ra8+
Kf7 48. Ng5# 1-0

[Event "DRUZYNOWE MISTRZOSTWA POLSKI JUNIOROW - II LIGA"]
[Site "Szczyrk, CKiR Orle Gniazdo ul. Wrzosowa 28a"]
[Date "2014-07-30"]
[Round "8.98"]
[White "Kaluzny, Jan"]
[Black "Kucza, Jan"]
[Result "1/2-1/2"]
[WhiteTitle "II"]
[BlackTitle "II"]
[WhiteElo "1367"]
[BlackElo "1460"]

1. e4 c5 2. Nf3 Nc6 3. d4 cxd4 4. Nxd4 Nf6 5. Nc3 e6 6. Ndb5 Bb4 7. a3 Bxc3+ 8.
Nxc3 d5 9. exd5 exd5 10. Bd3 O-O 11. O-O Bg4 12. f3 d4 13. Ne4 Nxe4 14. Bxe4 Bh5
15. Bf4 Re8 16. Re1 Qb6 17. b3 Bg6 18. Bxg6 hxg6 19. Qd3 Qa5 20. Rxe8+ Rxe8 21.
Bd2 Qb6 22. Kh1 Ne5 23. Qe4 f5 24. Qe2 Qe6 25. Re1 Kf7 26. f4 Ng4 27. Qf1 Ne3
28. Qd3 Qc6 29. Bxe3 dxe3 30. Rxe3 Rxe3 31. Qxe3 Qxc2 32. h3 Qd1+ 33. Kh2 Qd5
34. Qxa7 Qxb3 35. Qb8 Qb6 36. Qe5 Qf6 37. Qc7+ Qe7 38. Qc4+ Qe6 39. Qc7+ Qe7 40.
Qc4+ Qe6 41. Qc7+ Qe7 1/2-1/2

[Event "DRUZYNOWE MISTRZOSTWA POLSKI JUNIOROW - II LIGA"]
[Site "Szczyrk, CKiR Orle Gniazdo ul. Wrzosowa 28a"]
[Date "2014-07-30"]
[Round "8.99"]
[White "Klementowski, Dawid"]
[Black "Niemier, Hubert"]
[Result "1-0"]
[WhiteTitle "I"]
[BlackTitle "II"]
[WhiteElo "1659"]
[BlackElo "1413"]

1. e4 c6 2. d4 d5 3. exd5 cxd5 4. Bd3 Nc6 5. c3 Qc7 6. Qb3 Nxd4 7. Qxd5 e5 8. Bf4
Nc6 9. Bg3 Be6 10. Qf3 Bd6 11. Nd2 Nge7 12. Bc4 Bxc4 13. Nxc4 Bc5 14. Ne2 b5 15.
Nxe5 O-O 16. Nxc6 Qxc6 17. Qxc6 Nxc6 18. O-O-O Rfe8 19. Rhe1 b4 20. cxb4 Bxb4
21. Nc3 Ne7 22. Bd6 Bxc3 23. bxc3 Nf5 24. Rxe8+ Rxe8 25. Bf4 f6 26. g4 Re4 27.
Bb8 Rxg4 28. Rd5 Ne7 29. Rd8+ Kf7 30. Rd7 Rg2 31. Bg3 a5 32. Ra7 Ke6 33. Ra6+
Kf7 34. Rxa5 Kg6 35. Kd2 h5 36. Ke2 Rg1 37. Rb5 Ra1 38. Rb2 Nd5 39. Kd2 Kh6 40.
c4 Ne7 41. Bd6 Nf5 42. c5 Rf1 43. Ke2 Rc1 44. Bf4+ 1-0

[Event "DRUZYNOWE MISTRZOSTWA POLSKI JUNIOROW - II LIGA"]
[Site "Szczyrk, CKiR Orle Gniazdo ul. Wrzosowa 28a"]
[Date "2014-07-30"]
[Round "8.102"]
[White "Ciesinska, Weronika"]
[Black "Zniszczol, Wiktoria"]
[Result "1-0"]
[WhiteTitle "II"]
[BlackTitle "II"]
[WhiteElo "1369"]
[BlackElo "1028"]

1. e4 e6 2. d4 d5 3. Nc3 dxe4 4. Nxe4 Nf6 5. Bg5 Be7 6. Bxf6 Bxf6 7. Nxf6+ Qxf6
8. Nf3 Bd7 9. Be2 Nc6 10. O-O O-O-O 11. c3 h5 12. b4 g5 13. b5 Ne7 14. a4 h4 15.
a5 h3 16. g3 Nf5 17. Qb3 Nh4 18. Nxh4 gxh4 19. b6 a6 20. bxc7 Kxc7 21. Qb6+ Kb8
22. Rfb1 Bc8 23. Qxa6 Rdg8 24. Qd6+ Ka8 25. a6 b6 26. Qc6+ Kb8 27. Qxb6+ Ka8 28.
Qb8# 1-0

[Event "DRUZYNOWE MISTRZOSTWA POLSKI JUNIOROW - II LIGA"]
[Site "Szczyrk, CKiR Orle Gniazdo ul. Wrzosowa 28a"]
[Date "2014-07-30"]
[Round "8.103"]
[White "Kalmuk, Krzysztof"]
[Black "Chmielarz, Maciej"]
[Result "0-1"]
[WhiteTitle "I"]
[BlackTitle "I"]
[WhiteElo "1934"]
[BlackElo "1862"]

1. Nf3 d5 2. d4 Nf6 3. c4 e6 4. Nc3 Nbd7 5. e3 c6 6. Bd3 Bd6 7. O-O Qe7 8. e4 dxc4
9. Bxc4 e5 10. d5 Nb6 11. Bb3 cxd5 12. exd5 Bg4 13. Bg5 h6 14. Bxf6 gxf6 15. Qd3
Rg8 16. Nh4 Nd7 17. Nf5 Bxf5 18. Qxf5 Rg5 19. Qh3 f5 20. Qxh6 O-O-O 21. Nb5 Rg6
22. Qh3 Rdg8 23. g3 f4 24. Bc2 Rg5 25. Bf5 Rd8 26. Bxd7+ Rxd7 27. Nxd6+ Qxd6 28.
Rac1+ Kb8 29. Rfd1 f5 30. Kh1 f3 31. Qh4 Rdg7 32. Qc4 Rc7 33. Qxc7+ Qxc7 34. Rxc7
Kxc7 35. h4 Rg4 36. d6+ Kd7 37. Rd5 f4 38. Kh2 fxg3+ 39. fxg3 e4 40. Rd4 e3 41.
Rxg4 e2 42. Re4 f2 43. Rxe2 f1=Q 44. Rg2 Kxd6 45. g4 Qf4+ 46. Kh3 Qe3+ 47. Kh2
Ke5 48. a3 Qf4+ 49. Kh3 Qe3+ 50. Kh2 Qe1 51. h5 Kf4 52. g5 Qh4+ 53. Kg1 Kf3 54.
g6 Qe1+ 55. Kh2 Qe5+ 56. Kg1 Qc5+ 57. Kh2 Qxh5+ 58. Kg1 Qc5+ 59. Kh2 Qe5+ 60.
Kg1 Qd4+ 61. Kh2 Qg7 62. Kg1 Ke3 63. Rg3+ Kf4 64. Rg2 Ke5 65. Re2+ Kd6 66. Rg2
Ke7 67. Re2+ Kf8 68. Rf2+ Kg8 69. Rg2 Qd4+ 70. Kh2 Kg7 71. Kh1 Qd1+ 72. Kh2 Qe1
73. Kh3 Qh1+ 74. Kg3 Kxg6 75. Kf2+ Kf5 76. Kg3 Ke4 77. Re2+ Kd3 0-1

[Event "DRUZYNOWE MISTRZOSTWA POLSKI JUNIOROW - II LIGA"]
[Site "Szczyrk, CKiR Orle Gniazdo ul. Wrzosowa 28a"]
[Date "2014-07-30"]
[Round "8.104"]
[White "Michalski, Filip"]
[Black "Sendobry, Adam"]
[Result "1-0"]
[WhiteTitle "I"]
[BlackTitle "II"]
[WhiteElo "1740"]
[BlackElo "1417"]

1. d4 e6 2. c4 d5 3. Nc3 Nf6 4. Nf3 Be7 5. e3 O-O 6. Bd3 dxc4 7. Bxc4 c5 8. O-O
Nc6 9. dxc5 Bxc5 10. a3 a6 11. b4 Be7 12. Qe2 Qc7 13. Bb2 b5 14. Bb3 Bb7 15. Rac1
Rfd8 16. Ba1 Rac8 17. Qb2 Qb6 18. Qa2 Nb8 19. Nd4 Rd6 20. Nce2 Rxc1 21. Rxc1 Bd5
22. h3 Bxb3 23. Nxb3 Nc6 24. Nc5 Ne8 25. Ng3 Kf8 26. Nge4 Rd8 27. Qc2 Rc8 1-0

[Event "DRUZYNOWE MISTRZOSTWA POLSKI JUNIOROW - II LIGA"]
[Site "Szczyrk, CKiR Orle Gniazdo ul. Wrzosowa 28a"]
[Date "2014-07-30"]
[Round "8.107"]
[White "Sendobry, Anna"]
[Black "Kopacka, Natalia"]
[Result "1-0"]
[WhiteTitle "II"]
[BlackTitle "II+"]
[WhiteElo "1368"]
[BlackElo "1294"]

1. e4 e5 2. Nf3 Nc6 3. Bb5 d6 4. O-O Nf6 5. Re1 a6 6. Ba4 Bg4 7. c3 b5 8. Bb3 d5
9. exd5 Nxd5 10. d4 Nde7 11. Bxf7+ Kxf7 12. Ng5+ Ke8 13. Qxg4 Qd7 14. Qxd7+ Kxd7
15. Nf7 Rg8 16. Nxe5+ Nxe5 17. Rxe5 g6 18. Bf4 Re8 19. Nd2 Bg7 20. Re2 Nd5 21.
Be5 Re7 22. Rae1 Rge8 23. Kf1 Bh6 24. Nb3 Kc6 25. Nc5 a5 26. Bg3 Bc1 27. Rxe7
Rxe7 28. Rxc1 g5 29. Re1 Rxe1+ 30. Kxe1 h6 31. Ke2 Kb6 32. Kd3 c6 33. Ke4 h5 34.
Kf5 1-0

[Event "DRUZYNOWE MISTRZOSTWA POLSKI JUNIOROW - II LIGA"]
[Site "Szczyrk, CKiR Orle Gniazdo ul. Wrzosowa 28a"]
[Date "2014-07-30"]
[Round "8.109"]
[White "Slany, Wiktor"]
[Black "Kosior, Jan"]
[Result "1-0"]
[WhiteTitle "II+"]
[BlackTitle "II"]
[WhiteElo "1737"]
[BlackElo "1424"]

1. e4 c5 2. Nf3 Nc6 3. d4 cxd4 4. Nxd4 e6 5. Nc3 a6 6. Be3 Qc7 7. Qd2 Nf6 8. O-O-O
Ne5 9. f3 Bb4 10. Bf4 b5 11. Kb1 Be7 12. Ncxb5 axb5 13. Nxb5 Qb8 14. Qc3 d6 15.
Nc7+ Kf8 16. Nxa8 Qxa8 17. Bxe5 dxe5 18. Qxe5 Qb7 19. Qa5 g6 20. g4 Nd7 21. Bc4
Bf6 22. Bb3 Nb6 23. g5 Bxb2 24. Qb4+ Qe7 25. Rd8+ 1-0

[Event "DRUZYNOWE MISTRZOSTWA POLSKI JUNIOROW - II LIGA"]
[Site "Szczyrk, CKiR Orle Gniazdo ul. Wrzosowa 28a"]
[Date "2014-07-30"]
[Round "8.110"]
[White "Wierzba, Maksymilian"]
[Black "Blaszczak, Jedrzej"]
[Result "1-0"]
[WhiteTitle "II"]
[BlackTitle "II"]
[WhiteElo "1463"]
[BlackElo "1569"]

1. d4 Nf6 2. g3 g6 3. Bg2 Bg7 4. c4 O-O 5. Nf3 d6 6. Nc3 c5 7. h3 Nc6 8. O-O cxd4
9. Nxd4 Nxd4 10. Qxd4 a6 11. e4 Qc7 12. Qd3 Be6 13. b3 Nd7 14. Bb2 Nc5 15. Qe3
Rab8 16. f4 b5 17. f5 Bc8 18. Nd5 Qd7 19. Bxg7 Kxg7 20. f6+ exf6 21. Nxf6 Qe6
22. Ng4 f5 23. Qd4+ Kf7 24. exf5 gxf5 25. Bd5 1-0

[Event "DRUZYNOWE MISTRZOSTWA POLSKI JUNIOROW - II LIGA"]
[Site "Szczyrk, CKiR Orle Gniazdo ul. Wrzosowa 28a"]
[Date "2014-07-30"]
[Round "8.111"]
[White "Burzak, Wojciech"]
[Black "Sloniewski, Kacper"]
[Result "1-0"]
[WhiteTitle "II"]
[BlackTitle "II"]
[WhiteElo "1401"]
[BlackElo "1093"]

1. e4 d5 2. exd5 Qxd5 3. Nc3 Qd6 4. d4 Nf6 5. Nf3 a6 6. Be2 g6 7. Be3 Bg7 8. Qd2
Bf5 9. h3 Nbd7 10. O-O-O O-O 11. g4 Be4 12. Rhg1 b5 13. Ng5 Bb7 14. Bf3 Bxf3 15.
Nxf3 b4 16. Ne2 Ne4 17. Qd3 Nef6 18. h4 Qd5 19. Ne5 Nxe5 20. dxe5 Qxe5 21. Qb3
a5 22. f4 Qe6 23. Qxe6 fxe6 24. Bc5 Rfe8 25. Nd4 Kf7 26. Rde1 Ra6 27. f5 exf5
28. gxf5 Bf8 29. fxg6+ hxg6 30. Nf3 Nd7 31. Bd4 e5 32. Bxe5 Nxe5 33. Nxe5+ Kg8
34. h5 Rae6 35. Rxg6+ Rxg6 36. hxg6 Bh6+ 37. Kd1 Kg7 38. Nd3 Rxe1+ 39. Nxe1 Kxg6
40. Ke2 Kf6 41. Kd3 Ke5 42. Kc4 Be3 43. Kb5 Bb6 44. Nd3+ Kd4 45. Nc1 Ke5 46. Nb3
Kd5 47. Nxa5 Bxa5 48. Kxa5 Kc5 49. Ka4 Kc4 50. b3+ Kc3 51. Kb5 Kb2 52. Kxb4 Kxa2
53. c4 Kb2 54. c5 Kc2 55. Kc4 Kb2 56. b4 Ka3 57. b5 Ka4 58. b6 1-0

[Event "DRUZYNOWE MISTRZOSTWA POLSKI JUNIOROW - II LIGA"]
[Site "Szczyrk, CKiR Orle Gniazdo ul. Wrzosowa 28a"]
[Date "2014-07-30"]
[Round "8.112"]
[White "Szczapa, Piotr"]
[Black "Skowron, Mateusz"]
[Result "1/2-1/2"]
[WhiteTitle "II"]
[BlackTitle "I"]
[WhiteElo "1170"]
[BlackElo "1395"]

1. e4 c6 2. d4 d5 3. Nc3 dxe4 4. Nxe4 Bf5 5. Ng3 Bg6 6. N1e2 e6 7. Nf4 Nf6 8. c3
Nd5 9. h4 Nxf4 10. Bxf4 h6 11. h5 Bh7 12. Bc4 Bd6 13. Be5 Bxe5 14. dxe5 O-O 15.
O-O Qc7 16. Qd6 Qxd6 17. exd6 Rd8 18. Rad1 Nd7 19. Bd3 Bxd3 20. Rxd3 f5 21. Re1
Kf7 22. f3 Nf6 23. Re5 Ne8 24. d7 Nc7 25. c4 b6 26. Re1 Rab8 27. Ne2 c5 28. Nf4
Kf6 29. Ng6 Rb7 30. Rd6 a5 31. Nf8 Kf7 32. Nxe6 Nxe6 33. Rexe6 Rdxd7 34. Rxd7+
Rxd7 35. Rxb6 Rd4 36. Rb5 Rxc4 37. Rxa5 Rc1+ 38. Kf2 Rc2+ 39. Kg3 Rxb2 40. Rxc5
f4+ 41. Kxf4 Rxa2 42. g4 Kf6 43. Rc6+ Kf7 44. Rg6 Ra5 45. g5 Ra4+ 46. Kg3 hxg5
47. Rxg5 Kf6 48. f4 Kf7 49. Rg6 Rb4 50. Kg4 Rb5 51. f5 Rb4+ 52. Kg5 Rb5 53. h6
gxh6+ 54. Rxh6 1/2-1/2